000 00332nam a2200109Ia 4500
008 171211s9999 xx 000 0 und d
245 _aCentral Cancer Registries: Design, Management and Use
245 _cCharles Smart and Herman Menck
260 _c1994
650 _xFITNESS
856 _uhttp://down.ebook777.com/063/3718605791.pdf
999 _c349046
_d349046